000 003290000a22001450004500
003 MACL
040 _aMACL
090 _c49112
_d49110
100 _aBangia]J.D.
245 _aMadhya pradesh Reorganisation Act, 2000
260 _aBhopal
_bSuvidha Law House Pvt. Ltd.
_c2005
350 _a40
650 _aLaw
942 _cBOOK
_k340
999 _c48591
_d48591